Education for human rights : (Record no. 3979)
[ view plain ]
| 000 -LEADER | |
|---|---|
| fixed length control field | 01012nam a2200301 a 4500 |
| 001 - CONTROL NUMBER | |
| control field | 2572816 |
| 003 - CONTROL NUMBER IDENTIFIER | |
| control field | OSt |
| 005 - DATE AND TIME OF LATEST TRANSACTION | |
| control field | 20230717102521.0 |
| 008 - FIXED-LENGTH DATA ELEMENTS--GENERAL INFORMATION | |
| fixed length control field | 950509s1994 fr b i000 0 eng d |
| 010 ## - LIBRARY OF CONGRESS CONTROL NUMBER | |
| LC control number | 95212991 |
| 020 ## - INTERNATIONAL STANDARD BOOK NUMBER | |
| International Standard Book Number | 9231030396 |
| 035 ## - SYSTEM CONTROL NUMBER | |
| System control number | (OCoLC)32440065 |
| 040 ## - CATALOGING SOURCE | |
| Original cataloging agency | NSbSU |
| Transcribing agency | NSbSU |
| Modifying agency | IU |
| -- | DLC |
| 042 ## - AUTHENTICATION CODE | |
| Authentication code | lccopycat |
| 082 00 - DEWEY DECIMAL CLASSIFICATION NUMBER | |
| Classification number | 370.1 |
| Item number | RAY |
| 245 00 - TITLE STATEMENT | |
| Title | Education for human rights : |
| Remainder of title | an international perspective / |
| Statement of responsibility, etc. | by Douglas Ray ... [et al.]. |
| 260 ## - PUBLICATION, DISTRIBUTION, ETC. (IMPRINT) | |
| Place of publication, distribution, etc. | Paris, France : |
| Name of publisher, distributor, etc. | Unesco, International Bureau of Education, |
| Date of publication, distribution, etc. | c1994. |
| 300 ## - PHYSICAL DESCRIPTION | |
| Extent | 304 p. ; |
| Dimensions | 21 cm. |
| 490 1# - SERIES STATEMENT | |
| Series statement | Studies in comparative education |
| 504 ## - BIBLIOGRAPHY, ETC. NOTE | |
| Bibliography, etc | Includes bibliographical references. |
| 650 #0 - SUBJECT ADDED ENTRY--TOPICAL TERM | |
| Topical term or geographic name as entry element | International education. |
| 650 #0 - SUBJECT ADDED ENTRY--TOPICAL TERM | |
| Topical term or geographic name as entry element | Human rights |
| General subdivision | Study and teaching. |
| 700 1# - ADDED ENTRY--PERSONAL NAME | |
| Personal name | Ray, Douglas. |
| 830 #0 - SERIES ADDED ENTRY--UNIFORM TITLE | |
| Uniform title | Studies in comparative education (Paris, France) |
| 906 ## - LOCAL DATA ELEMENT F, LDF (RLIN) | |
| a | 7 |
| b | cbc |
| c | copycat |
| d | 3 |
| e | ncip |
| f | 19 |
| g | y-gencatlg |
| 942 ## - ADDED ENTRY ELEMENTS (KOHA) | |
| Source of classification or shelving scheme | Dewey Decimal Classification |
| Koha item type | Books |
| Withdrawn status | Lost status | Source of classification or shelving scheme | Damaged status | Not for loan | Home library | Current library | Date acquired | Total Checkouts | Full call number | Barcode | Date last seen | Price effective from | Koha item type |
|---|---|---|---|---|---|---|---|---|---|---|---|---|---|
| Dewey Decimal Classification | County Hall Archives | County Hall Archives | 07/17/2023 | 370.1 RAY | 10002169 | 07/17/2023 | 07/17/2023 | Books | |||||
| Dewey Decimal Classification | County Hall Archives | County Hall Archives | 07/17/2023 | 370.1 RAY | 10011346 | 07/17/2023 | 07/17/2023 | Books |
